Discovering Shakespeare : a new guide to the plays /

Bibliographic Details
Main Author: Brown, John Russell
Format: Book
Language:English
Published: New York : Columbia University Press, 1981.
Subjects:

MARC

Tag First Indicator Second Indicator Subfields
LEADER 00000cam a22000008a 4500
001 in00000078707
005 20151008053909.0
008 810528s1981 nyu b 00110 eng
010 |a  81010071  
020 |a 0231053584 
035 |a (OCoLC)07578048 
035 |9 AAH8997AM 
039 0 |a 2  |b 3  |c 3  |d 3  |e 3 
040 |a DLC  |c DLC  |d TXA  |d UtOrBLW 
049 |a TXAM  |c [387246] 
050 0 0 |a PR3091  |b .B68 1981 
082 0 |a 822.3/3  |2 19 
100 1 |a Brown, John Russell. 
245 1 0 |a Discovering Shakespeare :  |b a new guide to the plays /  |c John Russell Brown. 
263 |a 8108 
264 1 |a New York :  |b Columbia University Press,  |c 1981. 
300 |a viii, 168 pages ;  |c 23 cm. 
336 |a text  |b txt  |2 rdacontent 
337 |a unmediated  |b n  |2 rdamedia 
338 |a volume  |b nc  |2 rdacarrier 
500 |a Includes index. 
504 |a Bibliography: pages 161-163. 
600 1 0 |a Shakespeare, William,  |d 1564-1616  |x Dramatic production. 
600 1 0 |a Shakespeare, William,  |d 1564-1616  |x Criticism and interpretation. 
999 |a MARS 
999 f f |s 73864937-44af-3a7c-a247-be980255cd21  |i f4a50205-a91c-3963-8969-8f906856d17a  |t 0 
952 f f |p normal  |a Texas A&M University  |b College Station  |c Sterling C. Evans Library  |d Evans: Library Stacks  |t 0  |e PR3091 .B68 1981  |h Library of Congress classification  |i unmediated -- volume  |m A14806184265 
998 f f |a PR3091 .B68 1981  |t 0  |l Evans: Library Stacks